Territorios en el Caribe de países europeos - Estadísticas

Estadísticas generales
  • Esta prueba ha sido intentada 15 veces
  • La puntuación promedio es 10 de 15
Estadísticas de respuestas
Pertenece a: País % Correcto
Países Bajos Aruba
92%
Reino Unido Islas Vírgenes Británicas
92%
Países Bajos San Martín
92%
Francia San Martín
92%
Países Bajos Curazao
85%
Francia Guadalupe
85%
Francia Martinica
69%
Reino Unido Islas Caimán
62%
Reino Unido Montserrat
62%
Reino Unido Anguilla
54%
Reino Unido Islas Turcas y Caicos
54%
Francia San Bartolomé
54%
Países Bajos Bonaire
46%
Países Bajos San Eustaquio
46%
Países Bajos Saba
31%
No se encontraron pruebas coincidentes
Distribución de puntuación
Porcentaje de gente con cada puntuación
Porcentaje por número respondido
Historial de tus puntuaciones
No has intentado esta prueba.